000 00400 a2200157 4500
001 75485
005 20260213150936.0
010 _a9789895832330
090 _a75485
100 _a20260213d2024 c||y0pory50 ba
200 _aBenjamim e Papoila - Tô diferentes e tô amigos
_fMatthew Cordell
205 _a1®ed
210 _aLisboa
_cNuvem de Letras
_d2024
215 _a80p.
675 _a82
_v1®ed
942 _cMON
_n0